La construcción del beneficiario en los programas sociales dirigidos a niñas, niños y adolescentes en el área metropolitana bonaerense /
Este artículo analiza la construcción social de la infancia en los programas sociales; busca problematizar la transformación de las políticas sociales mediante el análisis de los programas de atención a la infancia y adolescencia dependientes del Ministerio de Desarrollo Social de la Provincia de Bu...
Kaydedildi:
| Yazar: | |
|---|---|
| Diğer Yazarlar: | , |
| Materyal Türü: | Metin |
| Konular: | |
| Etiketler: |
Etiketle
Etiket eklenmemiş, İlk siz ekleyin!
|
MARC
| LEADER | 00000 a a2200000 04500 | ||
|---|---|---|---|
| 001 | 45694 | ||
| 003 | |||
| 040 | |a CRAI/IIS |c CRAI/IIS | ||
| 100 | |a Llobet, Valeria | ||
| 245 | |a La construcción del beneficiario en los programas sociales dirigidos a niñas, niños y adolescentes en el área metropolitana bonaerense / |c Valeria Llobet, Cecilia Litichever, Gabriela Magistris | ||
| 520 | |a Este artículo analiza la construcción social de la infancia en los programas sociales; busca problematizar la transformación de las políticas sociales mediante el análisis de los programas de atención a la infancia y adolescencia dependientes del Ministerio de Desarrollo Social de la Provincia de Buenos Aires y de la Ciudad de Buenos Aires, Argentina, y analiza como las definiciones acerca de los beneficiarios y los objetivos de los programas expresan tensiones sustantivas a la hora de definir los modelos de interpretación y el alcance que adoptarán los derechos humanos de niños, niñas y adolescentes. | ||
| 590 | |a AMB/AGOSTO2014 | ||
| 650 | |a POLITICA SOCIAL | ||
| 650 | |a SERVICIOS SOCIALES | ||
| 650 | |a NIÑOS | ||
| 650 | |a ADOLESCENTES | ||
| 650 | |a POBREZA | ||
| 650 | |a DERECHOS DEL NIÑO | ||
| 650 | |a DERECHOS HUMANOS | ||
| 650 | |a COSTA RICA | ||
| 700 | |a Litichever, Cecilia | ||
| 700 | |a Magistris, Gabriela | ||
| 773 | |g número138 (2012), páginas 77-92 | ||
| 999 | |c 18384 |d 18384 | ||
| 773 | 0 | |0 18728 |9 3009 |a Universidad de Costa Rica |d San José, Costa Rica Editorial UCR 1956- |o 15402 |t Revista de Ciencias Sociales/ |x 04825276 | |
